000 01390nam0a2200349 4500
001 RU\NLR\bibl\11655
005 20260406052722.0
010 _a5-86290-296-1
_95000
021 _aRU
_b98-16437
_9776
035 _a(NLR Aleph) 000011372
090 _a40331
_c40331
100 _a19990110d1998 |||y0rusy50 ca
101 1 _arus
102 _aRU
105 _a|||||||||||||
200 1 _aКранч
_eНаиболее соврем., самый эффектив. способ сделать плоским ваш живот
_fКарен Армен и Ти Добинсон
_g[Пер. Максименко О.]
210 _a[М.]
_cВнешсигма
_d1998
215 _a224 с.
_cил., портр.
_d17
300 _aНа обл. подзаг.: Современный эффективный способ...
606 1 _aАтлетическая гимнастика
_91033414
_3RU\NLR\auth\6678999
606 1 _aКранч
_92307911
_3RU\NLR\AUTH\6601607330
686 1 _aЧ516.82
686 1 _aЧ511.49кранч
700 1 _4070
_8rus
_7ca
_aАмен
_bК.
_gКарен
_3RU\NLR\auth\777628
_9117561
701 1 _4070
_8rus
_7ca
_aДобинсон
_bТ.
_gТи
_3RU\NLR\auth\777629
_9117562
801 0 _aRU
_bNLR
_c19990110
_gPSBO
801 1 _aRU
_bNLR
_c19990110
852 _aNLR
_j98-2/906
942 _cBOOK
980 _aNB